Microelectronic Circuits / (Record no. 5085)
[ view plain ]
| 000 -LEADER | |
|---|---|
| fixed length control field | 01082cam a22003135a 4500 |
| 005 - DATE AND TIME OF LATEST TRANSACTION | |
| control field | 20150819095028.0 |
| 006 - FIXED-LENGTH DATA ELEMENTS--ADDITIONAL MATERIAL CHARACTERISTICS--GENERAL INFORMATION | |
| fixed length control field | a||||fr||z| 00| 0 |
| 008 - FIXED-LENGTH DATA ELEMENTS--GENERAL INFORMATION | |
| fixed length control field | 110630t2004 nyua|||frb||| 001 0 eng d |
| 010 ## - LIBRARY OF CONGRESS CONTROL NUMBER | |
| LC control number | 2003066178 |
| 020 ## - INTERNATIONAL STANDARD BOOK NUMBER | |
| International Standard Book Number | 0195142519 |
| 020 ## - INTERNATIONAL STANDARD BOOK NUMBER | |
| International Standard Book Number | 9780195142525 |
| 040 ## - CATALOGING SOURCE | |
| Original cataloging agency | EG-ScBUE |
| Language of cataloging | eng |
| Transcribing agency | EG-ScBUE |
| 082 04 - DEWEY DECIMAL CLASSIFICATION NUMBER | |
| Classification number | 621.381 |
| Item number | SED |
| Edition number | 22 |
| 100 1# - MAIN ENTRY--PERSONAL NAME | |
| Personal name | Sedra, Adel S. |
| 9 (RLIN) | 26032 |
| 245 10 - TITLE STATEMENT | |
| Title | Microelectronic Circuits / |
| Statement of responsibility, etc | Adel S. Sedra, Kenneth C. Smith. |
| 250 ## - EDITION STATEMENT | |
| Edition statement | 5th ed.,International ed. |
| 260 ## - PUBLICATION, DISTRIBUTION, ETC. (IMPRINT) | |
| Place of publication, distribution, etc | New York : |
| Name of publisher, distributor, etc | Oxford University Press, |
| Date of publication, distribution, etc | c.2004. |
| 300 ## - PHYSICAL DESCRIPTION | |
| Extent | 1 v. (various pagings) : |
| Other physical details | ill. (some col.) ; |
| Dimensions | 26 cm. + |
| Accompanying material | 1 CD-ROM (4 3/4 in.) |
| 490 ## - Series Statement | |
| Series statement | Oxford Series in Electrical and Computer Engineering. |
| 500 ## - GENERAL NOTE | |
| General note | Includes index. |
| 504 ## - BIBLIOGRAPHY, ETC. NOTE | |
| Bibliography, etc | Includes bibliographical references. |
| 590 ## - LOCAL NOTE (RLIN) | |
| Local note | doaa mohamed |
| 650 #0 - SUBJECT ADDED ENTRY--TOPICAL TERM | |
| Topical term or geographic name as entry element | Electronic circuits. |
| 9 (RLIN) | 26033 |
| Source of heading or term | BUEsh |
| 650 #0 - SUBJECT ADDED ENTRY--TOPICAL TERM | |
| Topical term or geographic name as entry element | Integrated circuits. |
| 9 (RLIN) | 26034 |
| Source of heading or term | BUEsh |
| 651 ## - SUBJECT ADDED ENTRY--GEOGRAPHIC NAME | |
| Source of heading or term | BUEsh |
| 653 ## - INDEX TERM--UNCONTROLLED | |
| Resource For college | Engineering, Electrical |
| Arrived date list | August2015 |
| 700 1# - ADDED ENTRY--PERSONAL NAME | |
| Personal name | Smith, Kenneth Carless. |
| 9 (RLIN) | 26035 |
| 942 ## - ADDED ENTRY ELEMENTS (KOHA) | |
| Item type | Book - Borrowing |
| Call number prefix | 621.3815 SED |
| Source of classification or shelving scheme | Dewey Decimal Classification |
| Withdrawn status | Item status | Source of classification or shelving scheme | Damaged status | Not for loan | Home library | Current library | Shelving location | Date acquired | Total Checkouts | Total Renewals | Full call number | Barcode | Date last seen | Date last borrowed | Koha item type | Materials specified (bound volume or other part) | Source of acquisition | Cost, replacement price | Vendor |
|---|---|---|---|---|---|---|---|---|---|---|---|---|---|---|---|---|---|---|---|
| Dewey Decimal Classification | Central Library | Central Library | First floor | 07/10/2016 | 16 | 27 | 621.381 SED | 000006285 | 15/07/2025 | 21/10/2010 | NB - Book (Non borrowing) | ||||||||
| Dewey Decimal Classification | Damaged | Central Library | Central Library | First floor | 04/11/2010 | 18 | 17 | 621.381 SED | 000004690 | 17/09/2018 | 13/11/2016 | NB - Book (Non borrowing) | BOX05 | Purchase | 317.00 | ||||
| Dewey Decimal Classification | Damaged | Central Library | Central Library | First floor | 30/06/2011 | 13 | 111 | 621.381 SED | 000006284 | 17/09/2018 | 25/02/2017 | Book - Borrowing | BOX05 | Purchase | |||||
| Dewey Decimal Classification | Central Library | Central Library | First floor | 30/06/2011 | 621.381 SED | 000008062 | 24/08/2022 | CD | DVD - With book (NB) | |||||||||||
| Dewey Decimal Classification | Central Library | Central Library | First floor | 30/06/2011 | 621.381 SED | 000007797 | 24/08/2022 | CD | DVD - With book | |||||||||||
| Dewey Decimal Classification | Central Library | Central Library | First floor | 30/06/2011 | 621.381 SED | 000006805 | 24/08/2022 | CD | DVD - With book |